logo

Bir Sreshtho Munshi Abdur Rouf Library
Jhenaidah Cadet College

Shelley / (Record no. 10131)

MARC details
000 -LEADER
fixed length control field 00807nam a2200277 a 4500
001 - CONTROL NUMBER
JCCL Control Number 10131
003 - CONTROL NUMBER IDENTIFIER
JCCL marc code BD - JhCC
005 - DATE AND TIME OF LATEST TRANSACTION
control field 20180418134043.0
008 - FIXED-LENGTH DATA ELEMENTS--GENERAL INFORMATION
fixed length control field 180417s1970 tnu b 001 0 eng
020 ## - INTERNATIONAL STANDARD BOOK NUMBER
International Standard Book Number 0876950934
035 ## - SYSTEM CONTROL NUMBER
system control number 0876950934
035 ## - SYSTEM CONTROL NUMBER
system control number (OCoLC)482197
-- (BD - JhCC)
040 ## - CATALOGING SOURCE
Original cataloging agency DLC
Transcribing agency DLC
Modifying agency m.c
-- EQO
-- BD - JhCC
041 ## - LANGUAGE CODE
Language code of Book eng
050 #0 - LIBRARY OF CONGRESS CALL NUMBER
Classification number PR5438
Item number .W6 1970
082 ## - DEWEY DECIMAL CLASSIFICATION NUMBER
Classification number 821/.7
Author mark and Year WOO 1970
100 1# - MAIN ENTRY--PERSONAL NAME
Personal name Woodings, R. B.
Fuller form of name (Robert Bertram),
Dates associated with a name 1942-
245 00 - TITLE STATEMENT
Title Shelley /
Statement of responsibility, etc edited by R. B. Woodings
260 ## - PUBLICATION, DISTRIBUTION, ETC. (IMPRINT)
Place of publication, distribution, etc Nashville :
Name of publisher, distributor, etc Aurora Publishers,
Date of publication, distribution, etc 1970.
300 ## - PHYSICAL DESCRIPTION
Pagination 292 p. ;
Dimensions 22 cm
504 ## - BIBLIOGRAPHY, ETC. NOTE
Bibliography, etc Bibliography: p. [286]-287
600 10 - SUBJECT ADDED ENTRY--PERSONAL NAME
Personal name Shelley, Percy Bysshe,
Dates associated with a name 1792-1822
General subdivision Criticism and interpretation.
830 #0 - SERIES ADDED ENTRY--UNIFORM TITLE
Uniform title Modern judgements
942 ## - ADDED ENTRY ELEMENTS (KOHA)
Source of classification or shelving scheme Dewey Decimal Classification
Koha item type Books
Holdings
Source of classification or shelving scheme Damaged status Not for loan Home library Current library Shelving location Date of accession Total Checkouts Full call number Barcode Date last seen Copy number Koha item type
Dewey Decimal Classification     JCC Rouf Library JCC Rouf Library General Stacks 04/17/2018   821/.7 WOO 1970 12764 04/18/2018 C-1 Books

JCC Library | Contacts | JCC Home

Last Update on 23 September 2017
Copyright @ 2017-2020 JCC Rouf Library
Rouf Library, Jhenidah Cadet College (JCC), Bangladesh